000 00301nam a2200121Ia 4500
008 220204s9999 xx 000 0 und d
082 _a62-03
_bHOR
100 _aHornsey, Edward
245 0 _aMechanics of materials
260 _aNew Jersey
_bHoughton Miffin
_c1977
650 _aMaterials
942 _cBK
999 _c26748
_d26748